| 000 | 00445nam a22001817a 4500 | ||
|---|---|---|---|
| 005 | 20230829122900.0 | ||
| 008 | 230828b |||||||| |||| 00| 0 eng d | ||
| 020 | _a9788193541517 | ||
| 041 | _aMarathi | ||
| 082 |
_a891.46 _bKAR |
||
| 100 |
_aKarve A. _9114692 |
||
| 245 | _aMaze Puran | ||
| 250 | _a5 th | ||
| 260 |
_aPune _bSanvad Tredprints _c2019 |
||
| 300 |
_a140 P _bPH _c21.5 x 14 cm |
||
| 365 |
_aINR _b120.00 _cRupaye |
||
| 942 | _cBK | ||
| 999 |
_c355960 _d355960 |
||